Normal view
MARC view
Entry Personal Name
001 - CONTROL NUMBER
- control field: 34312
003 - CONTROL NUMBER IDENTIFIER
- control field: dpl
005 - DATE AND TIME OF LATEST TRANSACTION
- control field: 20110905111538.0
008 - FIXED-LENGTH DATA ELEMENTS
- fixed length control field: 110905|||a|||||| | ||| d
040 ## - CATALOGING SOURCE
- Original cataloging agency: dpl
- Transcribing agency: dpl
100 ## - HEADING--PERSONAL NAME
- Personal name: Mukherji, Barun
670 ## - SOURCE DATA FOUND
- Source citation: Work cat.: (dpl): Mukherji, Barun, Netaji Subhas Chandra Bose:, 2008
670 ## - SOURCE DATA FOUND
- Source citation: Work cat.: (dpl): Mukherji, Barun, Netaji Subhas Chandra Bose:, 2008
